A laboratory study to see the performance of AC mix design using fly ash and rice husk as filler instead of stone dust (Record no. 551354)

000 -LEADER
fixed length control field 00480nam a22001457a 4500
082 ## - DEWEY DECIMAL CLASSIFICATION NUMBER
Classification number T-51
100 ## - MAIN ENTRY--PERSONAL NAME
Personal name Muhammad Tahir Saleem
9 (RLIN) 48388
245 ## - TITLE STATEMENT
Title A laboratory study to see the performance of AC mix design using fly ash and rice husk as filler instead of stone dust
Statement of responsibility, etc. Muhammad Tahir Saleem
260 ## - PUBLICATION, DISTRIBUTION, ETC.
Place of publication, distribution, etc. Risalpur
Name of publisher, distributor, etc. MCE, NUST
300 ## - PHYSICAL DESCRIPTION
Extent p156.:
Other physical details ill,;
Dimensions 30 cm.
526 ## - STUDY PROGRAM INFORMATION NOTE
Program name 0
Interest level 0
Reading level 0
Title point value T_51
650 ## - SUBJECT ADDED ENTRY--TOPICAL TERM
Topical term or geographic name entry element Thesis
9 (RLIN) 34811
700 ## - ADDED ENTRY--PERSONAL NAME
Personal name Zafar Ahmad Malik
9 (RLIN) 48389
942 ## - ADDED ENTRY ELEMENTS (KOHA)
Source of classification or shelving scheme
Koha item type Book
Holdings
Withdrawn status Lost status Source of classification or shelving scheme Damaged status Not for loan Permanent Location Current Location Date acquired Total Checkouts Full call number Barcode Date last seen Price effective from Koha item type Public note
          Military College of Engineering (MCE) Military College of Engineering (MCE) 12/11/2014   T-51 MCE-T-51 12/11/2014 12/11/2014 Book Thesis
© 2023 Central Library, National University of Sciences and Technology. All Rights Reserved.